|
|
|
|
| LEADER |
00000cam a2200000 7i4500 |
| 001 |
0000001671 |
| 005 |
20220105103924.0 |
| 008 |
070706 |
| 020 |
|
|
|a 0590026356
|
| 090 |
0 |
0 |
|a JP
|b ANM ENG (2141)
|
| 100 |
1 |
|
|a Bourgeois, Paulette
|
| 245 |
1 |
0 |
|a Franklin and the thunderstorm
|c Written by Paulette Bourgeois ;illustrated by Brenda Clark
|
| 260 |
|
|
|a New York :
|b Scholastic Inc ,
|c 2002
|
| 440 |
|
0 |
|a I'm on TV
|
| 500 |
|
|
|a Children age 4-6 years old (yellow)
|
| 650 |
|
0 |
|a Animal
|x Fiction
|
| 700 |
0 |
|
|a Clark, Brenda
|
| 710 |
0 |
|
|a Title
|
| 999 |
|
|
|a 0000947721
|b Book
|c Teenagers
|e Cawangan Bandar Tenggara
|
| 999 |
|
|
|a 0000947722
|b Book
|c Teenagers
|e Cawangan Bandar Tenggara
|
| 999 |
|
|
|a 0000947725
|b Book
|c Children Collection
|e Cawangan Bandar Penawar
|
| 999 |
|
|
|a 0000947726
|b Book
|c Children Collection
|e Cawangan Bandar Penawar
|
| 999 |
|
|
|a 0000962264
|b Book
|c Children Collection
|e Perbadanan Perpustakaan Awam Johor
|
| 999 |
|
|
|a 0000962265
|b Book
|c Children Collection
|e Perbadanan Perpustakaan Awam Johor
|
| 999 |
|
|
|a 0000962266
|b Book
|c Children Collection
|e Perbadanan Perpustakaan Awam Johor
|
| 999 |
|
|
|a 0000962267
|b Book
|c Children Collection
|e Perbadanan Perpustakaan Awam Johor
|
| 999 |
|
|
|a 0000962268
|b Book
|c Children Collection
|e Perbadanan Perpustakaan Awam Johor
|